| 000 | 00604nam a2200205Ia 4500 | ||
|---|---|---|---|
| 003 | BUBTL | ||
| 008 | 151213s9999 xx 000 0 und d | ||
| 082 | _a823.912/ J851p/ 1992 | ||
| 100 |
_aDeane, Seamus _95023 |
||
| 245 |
_aJames Joyce A Portrait of the Artist as a Young Man : _cSeamus Deane |
||
| 250 | _a1st Edn. | ||
| 260 |
_aLondon _bPanguen Books _cc1992 |
||
| 300 |
_a[xlii],329p. : _b18 cm |
||
| 650 | 0 |
_aEnglish _93550 |
|
| 650 | 0 |
_aEnglish Language _9194 |
|
| 700 |
_aDeane, Seamus _95023 |
||
| 856 |
_k0 _l0 _yDownload |
||
| 942 |
_2ddc _cBK |
||
| 999 |
_c3057 _d3057 |
||